000 01171cam a2200205 4500
001 WB4018-04
008 040513n2004 000 0 eng u
035 _a(Sirsi) u126193
245 _aJLL'S UK property index shows improved returns
260 _c2004
490 _aJones Lang LaSalle Press Release
_v26 April 2004 (1)
520 _aJones Lang LaSalle's(JLL) latest "UK property index" shows that returns on UK property grew from 3.3% in the fourth quarter 2003 to 3.9% in the first quarter 2004, reflecting an annual return of 13.2%. Quarterly returns improved across all sectors with the exception of the industrial sector which remained largely unchanged. Retail warehouses produced the highest annual return in the first quarter 2004 of 17%. The report is available on the JLL website, http://www.research.joneslanglasalle.com, but members need to register to read it. http://www.joneslanglasalle.co.uk/default.html?htt p://www.joneslanglasalle.co.uk/news01/nr1595.html
590 _aWB
590 _aWB
650 _aINDUSTRIAL SECTOR
650 _aRETAIL WAREHOUSES
650 _aPROPERTY INDEX
690 _aCOMMERCIAL PROPERTY-MARKET
942 _n0
999 _c117347
_d117347